GETS Theological Seminary Library

加尔文传 : (Record no. 42247)

MARC details
000 -LEADER
fixed length control field 00708nam a2200193Ia 4500
008 - FIXED-LENGTH DATA ELEMENTS--GENERAL INFORMATION
fixed length control field 221110s9999 xx 000 0 und d
020 ## - INTERNATIONAL STANDARD BOOK NUMBER
International Standard Book Number 97875004782257500478224
041 ## - LANGUAGE CODE
Language code of text/sound track or separate title chi
050 ## - LIBRARY OF CONGRESS CALL NUMBER
Classification number BX9418
Item number .M2912 2009
100 ## - MAIN ENTRY--PERSONAL NAME
Personal name Mai, Gelasi
245 #0 - TITLE STATEMENT
Title 加尔文传 :
Remainder of title 现代西方文化的塑造者 /
Statement of responsibility, etc. (英)阿利斯特. 麦格拉思 (Gelasi Mai)著; 甘霖译
246 ## - VARYING FORM OF TITLE
Title proper/short title 加爾文傳 :
Remainder of title 現代西方文化的塑造者 /
260 ## - PUBLICATION, DISTRIBUTION, ETC.
Place of publication, distribution, etc. 北京 :
Name of publisher, distributor, etc. 中国社会科学出版社,
Date of publication, distribution, etc. 2009
300 ## - PHYSICAL DESCRIPTION
Extent 312 p. :
Other physical details ill. ;
Dimensions 23 cm.
500 ## - GENERAL NOTE
General note (英)阿利斯特. 麥格拉思( Gelasi Mai)著 ; 甘霖譯
650 ## - SUBJECT ADDED ENTRY--TOPICAL TERM
Topical term or geographic name entry element Autobiographies.
700 ## - ADDED ENTRY--PERSONAL NAME
Personal name 阿利斯特. 麦格拉思甘霖
Holdings
Withdrawn status Lost status Damaged status Not for loan Home library Current library Shelving location Date acquired Total Checkouts Full call number Barcode Date last seen Price effective from Koha item type
        GETS Theological Seminary Library GETS Theological Seminary Library   11/09/2022   BX9418 .M2912 2009 00029196 11/09/2022 11/09/2022 Chinese Book
OpacCredits

Contact the Librarian, GETS Library
Email: library@mygets.org









Implemented by GETS Library
(Powered by ETCA Professional Group)
GETS Theological Seminary
412 E. Rowland Street, CA 91723